| 000 | 00788nam a22002297a 4500 | ||
|---|---|---|---|
| 005 | 20170124110011.0 | ||
| 010 | _aA-903882 | ||
| 020 |
_c00.00 _a8185195765 |
||
| 035 | _aA-903882 | ||
| 037 | _bCen Lib/Ret | ||
| 040 |
_aDPL _bEN |
||
| 082 |
_a378.5452 _bCHA |
||
| 100 |
_aChakraborty, Rachana _917699 |
||
| 245 |
_aHigher education in Bengal 1919-47 : _cby Rachana Chakraborty _b a study of its administration and management / |
||
| 260 |
_aCalcutta _bMinerva Publications _c1997 |
||
| 270 |
_a7-B, Lake Place _bCalcutta _e700029 |
||
| 300 |
_axii,182p. _c21(Hb) |
||
| 500 | _aIncludes bibliographic references and index | ||
| 650 |
_aUniversities and colleges--Administration _916914 |
||
| 650 |
_aEducation, Higher _98924 |
||
| 942 |
_2ddc _cEN _h378.5452 _mCHA |
||
| 999 |
_c126504 _d126504 |
||